=LDR 00000nam 2200000 4500 =001 INLIS000000000000992 =005 20130612085415 =008 ***********************************Ind** =035 ##$$0010-061300000000992 =041 ##$$a Ind =082 ##$$a 745.5 =090 ##$$a 745.5, Sir a =100 ##$$a Sirojudin, Iyod =245 ##$$a Aneka Kerajinan tangan, Iyod Sirojudin =260 ##$$a 1984 $b Jakarta =300 ##$$a 50hlm, Ilus, 21 cm =650 ##$$a Kerajinan Tangan =850 ##$$a NBPNMAT